02496cam a22003615i 4500999001700000001001000017003000900027005001700036008004100053020001800094040003100112082002400143100002600167245012200193264008100315300004700396336002600443337002800469338002700497490002700524505097100551520016301522650005701685650002901742650005901771653002701830655001701857700004401874700002701918700002701945942001201972952015001984 c27778d27749019111761EG-ScBUE20191120115428.0181102s2019 enka f b 001 0 eng d z9781352002621 aUkbengerdacUkdEG-ScBUE04a378.170281bBRI2221 aBrick, Jean,eauthor.10aAcademic success :ba student's guide to studying at university /cJean Brick, Nick Wilson, Deanna Wong, Maria Herke. 1aLondon :bRed Globe Press / Macmillan International Higher Education,c2019. axiii, 244 pages :billustrations ;c28 cm. atextbtxt2rdacontent aunmediatedbn2rdamedia avolumebnc2rdacarrier0 aMacmillan study skills0 aIntroduction.- PART 1: INTRODUCTION TO UNIVERSITY STUDY.- 1. What's Different About Academic Communication?.- 2. Students and Lecturers.- 3. Independent Learning.- PART 2: TAKING PART IN UNIVERSITY LEARNING.- 4. Academic Listening.- 5. Academic Reading.- Tutorials and Seminars.- 7. Doing Group Assignments.- PART 3: BECOMING CRITICAL.- 8. Opinions, Positions and Bias.- 9. Critical Thinking.- 10. Sources of Academic Knowledge.- PART 4: EXPRESSING YOUR VOICE AND REFERRING TO THE VOICES OF OTHERS.- 11. Voices in Academic Texts.- 12. Expressing Your Own Voice.- 13. Avoiding Plagiarism.- 14. Voices in Different Types of Text.- 15. Creating an Identity in Different Types of Text.- PART 5: WRITING ACADEMIC TEXTS.- 16. Writing in the University.- 17. Making Your Argument Flow.- 18. Writing Essays.- 19. Writing Reports.- 20. Writing Research Reports.- 21. Writing Reflective Texts.- 22. Writing Electronic Texts.- 23. Writing in Exams.- Further Reading.- Glossary. aThis hands-on book introduces students to the demands of university study in a clear and accessible way and helps them to understand what is expected of them. 7aStudy skills.vHandbooks, manuals, etc.2BUEsh94924 7aCollege students.2BUEsh 7aReport writing.vHandbooks, manuals, etc.2BUEsh97502 bHHUUEENNcNovember2019 vReading book1 aWilson, Nickc(Sociolinguist),eauthor.1 aWong, Deanna,eauthor.1 aHerke, Maria,eauthor. 2ddccBB 00102ddc40708BaccahaMAINbMAINc1STd2019-11-20ePurchaseg320.00l0o378.170281 BRIp000048356r2025-07-15 00:00:00v400.00w2019-11-20yBB